00817nam a2200217 a 450000100060000000300080000600500170001400800410003103500190007204000260009104100080011708200240012510000380014924501520018726000450033930000240038465000360040894200120044499900170045695201260047372888BD-RjUL20211209082324.0170524s1970 ia ||||| |||| 00| 0 eng d a(BD-RjUL)73106 aBD-RjULbengcBD-RjUL aeng 223a519.5bHAS 19701 aHaykal, Abd-el-Aziz Fahmy9215595 aStudies in statistics :b1 - Some remarks about family living studies, 2 - Mortality trends during the period 1900-1950 /cAbd-el-Aziz Fahmy Haykal aBeirut :bBeirut Arab University,c1970. a[6] 47 p. ;c25 cm. aMathematical statistics9215596 2ddccBK c72888d72888 00102ddc40718NFICaRUCLbRUCLcReadingd2008-11-27eRUCLl0o519.5 HAS 1970r2017-05-24 00:00:00tC-1w2017-05-24yBK